000 00776nam a22002057a 4500
999 _c497
_d497
003 AR-CdUCM
008 190223b ||||| |||| 00| 0 spa d
040 _aMUNICIPALIDAD PROVINCIAL DEL CUSCO
_cBIBLIOTECA MUNICIPAL DEL CUSCO
082 _a371 /
_bF83
100 _aFreire, Paulo
_91939
245 _aSobre la acción cultural /
260 _aLima :
_bInstituto de Capacitación de Investigación en Reforma Agraria (ICIRA),
_c1971.
300 _a117 páginas ;
_c23 cm.
505 _aLa educación como una dimensión de la acción cultural -- El movimiento dialéctico de la acción cultural -- Acción cultural y cambio.
650 _aEducación.
_9460
650 _aCultura.
_9126
650 _aInvestigación.
_91940
942 _2ddc
_cLIBROS
945 _amvr
_d2019-02-23